000 00202nam a2200085Ia 4500
008 120527s9999 xx 000 0 und d
100 _aLewis, Irving, C.
245 _aKnowledge and Evaluation
942 _cBK
999 _c27657
_d27657